Aerodynamics of propulsion / (Record no. 13182)
[ view plain ]
| 000 -LEADER | |
|---|---|
| fixed length control field | 00734nam a2200241 a 4500 |
| 001 - CONTROL NUMBER | |
| control field | 13182 |
| 003 - CONTROL NUMBER IDENTIFIER | |
| rucl marc code | BD-RjUL |
| 005 - DATE AND TIME OF LATEST TRANSACTION | |
| control field | 20211208235422.0 |
| 008 - FIXED-LENGTH DATA ELEMENTS--GENERAL INFORMATION | |
| fixed length control field | 140130s1953 nyua 001 0 eng d |
| 035 ## - SYSTEM CONTROL NUMBER | |
| System control number | (BD-RjUL)13233 |
| 040 ## - CATALOGING SOURCE | |
| Original cataloging agency | AIPO |
| Language of cataloging | eng |
| Transcribing agency | AIPO |
| Modifying agency | BD-RjUL |
| 041 ## - LANGUAGE CODE | |
| Language code of text/sound track or separate title | eng |
| 082 04 - DEWEY DECIMAL CLASSIFICATION NUMBER | |
| Classification number | 629.132 3 |
| Edition number | 19 |
| Author mark and year | KUA 1953 |
| 100 1# - MAIN ENTRY--PERSONAL NAME | |
| Personal name | Kuchemann, Dietrich, |
| Dates associated with a name | 1911-1976. |
| 9 (RLIN) | 41047 |
| 245 10 - TITLE STATEMENT | |
| Title | Aerodynamics of propulsion / |
| Statement of responsibility, etc. | Dietrich Kuchemann, Johanna Weber. |
| 260 ## - PUBLICATION, DISTRIBUTION, ETC. (IMPRINT) | |
| Place of publication, distribution, etc. | New York : |
| Name of publisher, distributor, etc. | McGraw-Hill, |
| Date of publication, distribution, etc. | 1953. |
| 300 ## - PHYSICAL DESCRIPTION | |
| Pagination | ix, 340 p. : |
| Illustrations | ill. ; |
| Size | 24 cm. |
| 490 0# - SERIES STATEMENT | |
| Series statement | McGraw-Hill publications in aeronautical science |
| 500 ## - GENERAL NOTE | |
| General note | Includes index. |
| 650 #0 - SUBJECT ADDED ENTRY--TOPICAL TERM | |
| Topical term or geographic name as entry element | Aerodynamics. |
| 9 (RLIN) | 41048 |
| 700 1# - ADDED ENTRY--PERSONAL NAME | |
| Personal name | Weber, Johanna. |
| 942 ## - ADDED ENTRY ELEMENTS (KOHA) | |
| Source of classification or shelving scheme | Dewey Decimal Classification |
| Koha item type | Books |
| Lost status | Source of classification or shelving scheme | Damaged status | Not for loan | Permanent Location | Current Location | Shelving location | Date acquired | Source of acquisition | Cost, normal purchase price | Total Checkouts | Full call number | Date last seen | Copy number | Koha item type |
|---|---|---|---|---|---|---|---|---|---|---|---|---|---|---|
| Dewey Decimal Classification | Not For Loan | Central Library, University of Rajshahi | Central Library, University of Rajshahi | Reading Room | 02/01/1959 | Macgrow Hill | 8.55 | 629.132 3 KUA 1953 | 30/01/2014 | C-1 | Books |